Députés de la Creuse de la Ve république - Statistiques

Statistiques générales
  • Ce quiz a été pris 6 fois
  • Le résultat moyen est 3 sur 14
Statistiques - réponses
Réponse % Correct
Bartolomé Lenoir
80%
André Lejeune
40%
Catherine Couturier
40%
Jean Auclair
40%
André Chandernagor
20%
Jean-Baptiste Moreau
20%
Michel Vergnier
20%
Olivier de Pierrebourg
20%
Bernard de Froment
0%
Gaston Rimareix
0%
Guy Beck
0%
Jacques Chartron
0%
Jean-Claude Pasty
0%
Nelly Commergnat
0%
Aucun quiz correspondant
Distribution des résultats
% des personnes avec chaque résultat
Percentile par nombre de réponses
Votre historique - résultats
Vous n’avez pas pris ce quiz